|
|
|
|
| LEADER |
00000nam0a2200000 4500 |
| 001 |
99389 |
| 005 |
20231031111704.0 |
| 035 |
|
|
|a (RuTPU)RU\TPU\book\106633
|
| 090 |
|
|
|a 99389
|
| 100 |
|
|
|a 20060704d1964 m y0rusy50 ca
|
| 101 |
1 |
|
|a rus
|c ger
|
| 102 |
|
|
|a RU
|
| 105 |
|
|
|a a z 001zy
|
| 200 |
1 |
|
|a Поровое пространство осадочных пород
|e пер. с нем.
|f В. Энгельгардт
|
| 210 |
|
|
|a Москва
|c Недра
|d 1964
|
| 215 |
|
|
|a 232 с.
|c ил.
|
| 320 |
|
|
|a Библиогр.: с. 221-230.
|
| 610 |
1 |
|
|a осадочные породы
|
| 610 |
1 |
|
|a пористость
|
| 610 |
1 |
|
|a нефтяные пласты
|
| 610 |
1 |
|
|a изучение
|
| 610 |
1 |
|
|a поровые пространства
|
| 675 |
|
|
|a 553.98
|v 3
|
| 700 |
|
1 |
|a Энгельгардт
|b В.
|g Вольф
|
| 801 |
|
1 |
|a RU
|b 63413507
|c 20060704
|g PSBO
|
| 801 |
|
2 |
|a RU
|b 63413507
|c 20060901
|g PSBO
|
| 942 |
|
|
|c BK
|